name lots of bugs - Statistics

General Stats
  • This quiz has been taken 20 times
  • The average score is 6 of 20
Answer Stats
hints Answer % Correct
fly's around fly
93%
has stag in it's name stag beetle
64%
can jump and can be green, brown, grayish, ochre grasshopper
57%
goes to light moth
57%
has rhino in it's name rhino beetle
57%
roll's something dung beetle
50%
as larvae's can't fly as adults can fly alose as adults have 4 wings butterfly
36%
jumps and has 8 legs jumping spider
29%
have 6 legs and are black black ant
21%
a very invasive bug fire ant
14%
have 8 legs and can hunt on land and in water fishing spider
14%
fly's around and is very common house fly
14%
are 1-2 inches and dig underground mole cricket
14%
make webs and body length is about 7 mm wolf spider
14%
can reach lengths of 6 inches and though urban legends have greatly exaggerated it's size camel spider
7%
has a very long neck and is a weevil giraffe weevil
7%
have spring loaded jaws and have 6 legs trap jaw ant
7%
has 6 legs and some have big heads big headed ant
0%
have 6 legs and are black and are very small little black ant
0%
as larvae's spend most of the time underground as adults hunt on land tiger beetle
0%
No matching quizzes found
Score Distribution
Percent of People with Each Score
Percentile by Number Answered
Your Score History
You have not taken this quiz